Normal view MARC view
  • Puga Espinosa, María Cristina

Entry Nombre Personal

Number of records used in: 4

001 - NUMERO DE CONTROL

  • campo de control: 40195

003 - IDENTIFICADOR DE NUMERO DE CONTROL

  • campo de control: UPN

005 - FECHA Y HORA DE LA ÜLTIMA TRANSACCIÓN

  • campo de control: 20230208183812.0

008 - DATOS DE LONGITUD FIJA

  • campo de control de longitud fija: nabaccnnaabn|||||||||| b |nc|||||d

035 ## - NUMERO DE CONTROL

  • Número de control: UPN11000012302

040 ## - FUENTE DE CATALOGACIÓN

  • Lenguaje de catalogación: spa
  • Agencia original de catalogación: MX-MxUPN

100 1# - ENCABEZAMIENTO - NOMBRE PERSONAL

  • Nombre personal: Puga Espinosa, María Cristina

373 ## - GRUPO ASOCIADO

  • Associated group: Universidad Nacional Autónoma de México. Facultad de Ciencias Políticas y Sociales

374 ## - OCUPACIÓN

  • Occupation: Profesores universitarios
  • Source of information: LEMB

400 1# - VEÁSE - NOMBRE DE PERSONA

  • Personal name: Puga, Cristina

670 ## - FUENTE EN LA QUE SE LOCALIZARON DATOS

  • Cita de la fuente: T
  • Uniform Resource Identifier: https://www.politicas.unam.mx/cedula/profesor/cep.php?guid=3F5F91C0-F7CD-11E3-ABC1-001E6757639A

670 ## - FUENTE EN LA QUE SE LOCALIZARON DATOS

  • Cita de la fuente: Las ciencias sociales y el estado nacional en México, 2018:
  • Uniform Resource Identifier: portada (Cristina Puga profesora titular en la Facultad de Ciencias Políticas de la UNAM)

680 ## - NOTA PUBLICA DE ACCESO PÚBLICO

  • Frase explicativa de la referencia: México. Lic. en Sociología, Mstra. y Doc. en Ciencia Política por la UNAM

902 ## - CATALOGADOR

  • Catalogador: EMR/250517
  • Catalogador: VíctorGodínez/080223/M